| 000 | 01219nam a2200241 i 4500 | ||
|---|---|---|---|
| 003 | EG-ScBUE | ||
| 005 | 20231221125819.0 | ||
| 008 | 100628s1996 u ab f b 000 0 ara d | ||
| 040 |
_aEG-ScBUE _bara _erda _cEG-ScBUE _dEG-ScBUE |
||
| 082 | 0 | 4 |
_222 _bط و ي _a961.202 |
| 100 | 1 |
_915341 _aطوير، محمد أمحمد، _eمؤلف. |
|
| 245 |
_aمعارك الزاوية بين المجاهدين الليبيين والغزاة الإيطاليون 1931-1911 م / _cتأليف الدكتور محمد أمحمد الطوير، قسم التاريخ، كلية التربية، جامعة السابع من إبريل بالزاوية. |
||
| 264 | 1 |
_aطرابلس، ليبيا : _bمنشورات دار الفرجاني، _c1996. |
|
| 300 |
_a706 صفحة : _bإيضاحيات، خرائط ؛ _c24 سم |
||
| 336 |
_2rdacontent _aنص _btxt |
||
| 337 |
_aبدون وسيط _2rdamedia _bn |
||
| 338 |
_aمجلد _bnc _2rdacarrier |
||
| 504 | _aيشتمل علي إرجاعات ببليوجرافية. | ||
| 541 |
_aألف باء ؛ _cشراء ؛ |
||
| 651 | 7 |
_2BUEsh _aليبيا _xتاريخ _yالعصر الحديث _yالاحتلال الإيطالي 1911. |
|
| 655 | _vReading book | ||
| 942 |
_2ddc _cBB |
||
| 999 |
_c14251 _d14251 |
||